Países Modernos del Imperio Carolingio en un Mapa - Estadísticas

Estadísticas generales
  • Esta prueba ha sido intentada 112 veces
  • La puntuación promedio es 21 de 22
Respuestas en el mapa
Las respuestas están codificadas por una escala verde-roja en el mapa de la prueba según el % correcto abajo.
 
Estadísticas de respuestas
Países % Correcto
Alemania
100%
Andorra
100%
Francia
100%
Bélgica
99%
España
99%
Italia
99%
Luxemburgo
99%
Mónaco
99%
Países Bajos
99%
Ciudad del Vaticano
98%
Croacia
98%
República Checa
98%
Austria
97%
San Marino
97%
Suiza
97%
Eslovaquia
96%
Eslovenia
96%
Hungría
96%
Polonia
96%
Bosnia y Herzegovina
94%
Liechtenstein
89%
Reino Unido
37%
No se encontraron pruebas coincidentes
Distribución de puntuación
Porcentaje de gente con cada puntuación
Porcentaje por número respondido
Historial de tus puntuaciones
No has intentado esta prueba.